| 000 | 00774nam a22001697a 4500 | ||
|---|---|---|---|
| 999 |
_c63387 _d63387 |
||
| 003 | Ge_BSU | ||
| 005 | 20250929193534.0 | ||
| 008 | 250929s1970 ge ||||| |||| 00| 0 geo d | ||
| 041 | _ageo | ||
| 080 | _a331(479.22)+323.33(479.22) ლ-80 | ||
| 100 |
_aლოლაშვილი, ო. _925897 |
||
| 245 |
_aთბილისის მშრომელები ლენინურ შრომითს ვახტზე / _cო. ლოლაშვილი. |
||
| 264 |
_aთბილისი : _bსაქ. კპ ცკ-ის გამ-ბა, _c 1970. |
||
| 300 |
_a38 გვ. ; _b16 სმ. |
||
| 653 | _aსაქართველოს მუშათა კლასი. შრომა საქართველოში | ||
| 942 |
_2udc _cᲬᲘᲒᲜᲘ |
||